02871cam a22003618i 450000100090000000300050000900500170001400800410003101000170007202000310008904000290012004200080014905000230015708200240018010000270020424000280023124500860025925000190034526300090036426400560037330000280042933600260045733700280048333800270051150400510053850504110058952011790100065000400217965000210221965000610224070000300230177601780233122066080CSPC20250715095519.0210604s2022 enk b 001 0 eng  a 2021021754 a9781032122540q(paperback) aDLCbengerdacDLCdCSPC apcc00aHD30.2b.B475 202200a004.0684bB467m2231 aBeulen, Erik,eauthor.10aManaging IT outsourcing10aManaging information technology outsourcing /cErik Beulen and Pieter M. Ribbers. aThird edition. a2210 1aAbingdon, Oxon ;aNew York, NY :bRoutledge,c2022. avi, 247 pages ;c23 cm. atextbtxt2rdacontent aunmediatedbn2rdamedia avolumebnc2rdacarrier aIncludes bibliographical references and index.0 aMarket trends in information technology outsourcing -- Theoretical foundation -- Changing business models -- IT strategy and IT sourcing -- IT services: demand and supply -- Information technology innovation and outsourcing -- Transitions and contracts -- Governance of IT outsourcing -- Governance factors -- Contracting and managing agile software development and DevOps -- Compliance -- Looking forward. a"For decades, outsourcing has been a major international phenomenon in business. The areas of Technology, Information Technology and Management represent a unique case for outsourcing both in terms of benefits and potential interorganisational problems. This fully updated text has been brought up to date with this new landscape, including discussion of Robotic Process Automation, Internet of Things, cloud computing, low code and DevOps and agile. With a range of new global case studies in manufacturing, logistics, chemical industry and cloud services, this textbook offers a strong grounding in real-world industrial experience that effectively combines theory with practice. Uniquely, this book focuses on both sides of the outsourcing relationship, providing a balanced exploration of the ways in which these partnerships can be managed successfully. Accessible and cutting-edge, the third edition of Managing Information Technology Outsourcing provides an in-depth, practical perspective on this important and far-reaching challenge in information technology management. It is an ideal text for students, academics and practitioners alike"--cProvided by publisher. 0aInformation technologyxManagement. 0aContracting out. 0aElectronic data processing departmentsxContracting out.1 aRibbers, Pieter,eauthor.08iOnline version:aBeulen, Erik.tManaging information technology outsourcingbThird edition.dAbingdon, Oxon ; New York, NY : Routledge, 2022z9781003223788w(DLC) 2021021755